Plus grandes villes des pays commençant par K - Statistiques

Statistiques générales
  • Ce quiz a été pris 32 fois
  • Le résultat moyen est 6 sur 20
Statistiques - réponses
Nombre d'habitants Ville % Correct
2 400 000 habitants Koweït
93%
1 200 000 habitants Noursoultan
87%
1 060 000 habitants Bichkek
70%
9 400 000 habitants Nairobi
63%
510 000 habitants Pristina
53%
1 950 000 habitants Almaty
50%
3 550 000 habitants Mombasa
37%
1 050 000 habitants Chimkent
17%
550 000 habitants Karaganda
13%
620 000 habitants Kisumu
13%
485 000 habitants Eldoret
10%
360 000 habitants Kyzylorda
10%
580 000 habitants Nakuru
10%
490 000 habitants Taraz
10%
385 000 habitants Jalal-Abad
7%
380 000 habitants Öskemen
7%
400 000 habitants Pavlodar
7%
520 000 habitants Aktioubé
3%
500 000 habitants Ruiru
3%
350 000 habitants Semeï
3%
Aucun quiz correspondant
Distribution des résultats
% des personnes avec chaque résultat
Percentile par nombre de réponses
Votre historique - résultats
Vous n’avez pas pris ce quiz